Marketing effectiveness : applying marketing science for brand growth

Saved in:
Bibliographic Details
Main Author Patilinet, Sorin (Author)
Format Book
LanguageEnglish
Published London ; New York : Kogan Page, 2025
EditionFirst published
Subjects
ISBN978-1-3986-2105-3
Physical Descriptionxx, 241 stran : ilustrace ; 23 cm

Cover

LEADER 00000aam a2200000 i 4500
001 115739
003 CZ ZlUTB
005 20260601081411.0
007 ta
008 251023s2025 xxka f f 001 0 eng d
020 |a 978-1-3986-2105-3  |q (brožováno) 
040 |a ABA013  |b cze  |d ZLD002  |e rda 
044 |a xxk  |a xxu 
072 7 |a 658  |x Řízení a správa podniku  |2 Konspekt  |9 4 
080 |a 005:658.626  |2 MRF 
080 |a 658.8  |2 MRF 
080 |a 005.61  |2 MRF 
080 |a 658.8:005  |2 MRF 
080 |a 658.8:005.21  |2 MRF 
080 |a 658:17.024.4  |2 MRF 
080 |a (035)  |2 MRF 
100 1 |a Patilinet, Sorin  |4 aut 
245 1 0 |a Marketing effectiveness :  |b applying marketing science for brand growth /  |c Sorin Patilinet 
250 |a First published 
264 1 |a London ;  |a New York :  |b Kogan Page,  |c 2025 
300 |a xx, 241 stran :  |b ilustrace ;  |c 23 cm 
336 |a text  |b txt  |2 rdacontent 
337 |a bez média  |b n  |2 rdamedia 
338 |a svazek  |b nc  |2 rdacarrier 
500 |a Obsahuje QR kódy s rozšiřujícími materiály 
504 |a Obsahuje bibliografické odkazy a rejstřík 
650 0 7 |a řízení značky  |7 ph205089  |2 czenas 
650 0 7 |a marketing  |7 ph115227  |2 czenas 
650 0 7 |a produktivita  |7 ph124622  |2 czenas 
650 0 7 |a marketingový management  |7 ph115229  |2 czenas 
650 0 7 |a strategický marketing  |7 ph116292  |2 czenas 
650 0 7 |a úspěch v podnikání  |7 ph286292  |2 czenas 
650 0 9 |a brand management  |2 eczenas 
650 0 9 |a marketing  |2 eczenas 
650 0 9 |a productivity  |2 eczenas 
650 0 9 |a marketing management  |2 eczenas 
650 0 9 |a strategic marketing  |2 eczenas 
650 0 9 |a success in business  |2 eczenas 
655 7 |a příručky  |7 fd133209  |2 czenas 
655 9 |a handbooks and manuals  |2 eczenas 
910 |a ZLD002 
942 |2 udc 
952 |0 0  |1 0  |4 0  |6 339138PATILINETS  |7 -1  |8 BOOK  |9 191378  |a UTBZL  |b UTBZL  |c 005  |d 2026-06-01  |l 0  |o 339.138/PATILINET,S.  |p 420010202204  |r 2026-06-01 08:14:55  |v 479.00  |w 2026-06-01  |x N:nákup  |y 01 
992 |a BK  |b SKNEW 
999 |c 115739  |d 115739